000 01134cam a22002531i 4500
003 SA-RiAUC
005 20250812044912.0
008 250810s1993 ua g 00000cara c
040 _aSA-RiAUC
_bara
_cSA-RiAUC
_erda
082 0 4 _a234.6
_qSA-RiAUC
090 _a234.6
_bا ب ن ج
100 1 _aابن الجوزي، عبد الرحمن بن علي بن محمد،
_d508-597 هجري
_eمؤلف.
245 1 2 _aالحث على حفظ العلم وذكر كبار الحفاظ /
_cلأبي الفرج عبد الرحمن بن الجوزي ؛ حققه وعلق عليه فؤاد عبد المنعم.
250 _aالطبعة الثانية.
264 1 _aالإسكندرية، مصر ؛
_aالقاهرة :
_bمؤسسة شباب الجامعة،
_c19930ز
300 _a122 صفحة ؛
_c24 سم
336 _aنص
_btxt
_2rdacontent
_3كتاب
337 _aبدون وسيط
_bn
_2rdamedia
338 _aمجلد
_bnc
_2rdacarrier
650 7 _aالمحدثون
_vتراجم
_2aucsh
700 1 _aأحمد، فؤاد عبد المنعم،
_d1941-
_eمحقق.
942 _2ddc
_cBOOK
_n0
949 _aSA-JeALM
_d250810
_umohamedma123
_n1
999 _c10748
_d10748